000
00344nam a2200145Ia 4500
003
OSt
005
20231226072912.0
008
170524s9999 xx 000 0 und d
020
_a
8174460349
040
_c
IIMT UNIVERSTY
100
_a
MALVIYA SUBHASH
245
0
_a
ADVERTISING AND PROMOTION
260
_b
New Delhi : Adhiyaya
942
_2
ddc
_c
01
999
_c
9454
_d
9454